Nároky na nemocenské dávky po práci v EÚ
Vioľný pohyb pracovnej sily v rámci EÚ si vyžiadal potrebu regulácie právnych vzťahov v oblasti sociálneho zabezpečenia. Došlo k stanoveniu pravidiel, za pomoci ktorých je možné priznať jednotlivcovi nárok na príslušnú dávku, aj keď vykonával práca v rôznych členských štátoch EÚ. Nariadenie Európske...
Gespeichert in:
| 1. Verfasser: | |
|---|---|
| Format: | Buchkapitel |
| Sprache: | Slowakisch |
| Schlagworte: | |
| Tags: |
Keine Tags, Fügen Sie das erste Tag hinzu!
|
MARC
| LEADER | 00000naa a2200000 4500 | ||
|---|---|---|---|
| 001 | 0200623 | ||
| 005 | 20231120134834.2 | ||
| 041 | 0 | |a slo | |
| 044 | |a SK | ||
| 245 | 1 | 0 | |a Nároky na nemocenské dávky po práci v EÚ |c Martina Kovalčíková |
| 520 | |a Vioľný pohyb pracovnej sily v rámci EÚ si vyžiadal potrebu regulácie právnych vzťahov v oblasti sociálneho zabezpečenia. Došlo k stanoveniu pravidiel, za pomoci ktorých je možné priznať jednotlivcovi nárok na príslušnú dávku, aj keď vykonával práca v rôznych členských štátoch EÚ. Nariadenie Európskeho parlamentu a Rady. | ||
| 610 | 2 | 0 | |a poistenie nemocenské |
| 610 | 2 | 0 | |a dávky poistenia nemocenského |
| 610 | 2 | 0 | |a Európska únia |
| 610 | 2 | 0 | |a materstvo |
| 610 | 2 | 0 | |a úpravy právne |
| 100 | 1 | |a Kovalčíková, Martina | |